Democratización y crisis: el contexto continental /
Sábháilte in:
| Príomhchruthaitheoir: | |
|---|---|
| Formáid: | Téacs |
| Clibeanna: |
Cuir clib leis
Níl clibeanna ann, Bí ar an gcéad duine le clib a chur leis an taifead seo!
|
MARC
| LEADER | 00000 a a2200000 04500 | ||
|---|---|---|---|
| 001 | 47770 | ||
| 003 | |||
| 040 | |||
| 100 | |a Arias Calderón, Ricardo. | ||
| 245 | |a Democratización y crisis: |b el contexto continental / |c Ricardo Arias Calderón | ||
| 500 | |a Parte del XI Congreso de la ODCA | ||
| 773 | |g número3, (julio-setiembre, 1986), páginas 5-11 | ||
| 999 | |c 26038 |d 26038 | ||
